=LDR 00000nam 2200000 4500 =001 INLIS000000000005434 =005 20220328084728 =035 ##$$a 0010-0322000831 =245 1#$$a Proses Pembuatan Pupuk Urea pda PT. Pupuk Kalimantan Timur Departemen Pabrik 3 : $b Kuliah Kerja Praktek /$c Andi Besse Kumala =100 1#$$a KUMALA, Andi Besse =250 ##$$a 2018 =300 ##$$a vii, 161 halaman : $b Tabel, gambar ; $c 20x29 cm =856 ##$$a OPAC (Rak KKP TKM 2018) =260 ##$$a Makassar :$b Politeknik ATI Makassar - Teknik Kimia Mineral,$c 2018 =082 ##$$a (R)2018 LKKP-TKM 818 =084 ##$$a (R)2018 LKKP-TKM 818 KUM p =650 #4$$a Laporan Praktek TKM 2018 =500 ##$$a Laporan Praktek TKM 2018 =990 ##$$a 161/LKKP TKM 2018